000 01741cam a2200313 a 4500
005 20170523020001.0
008 000912s1996 ck ao r 000 0 spa d
020 _a9589577423
040 _aCO-BoPUJ
_cCO-BoIAVH
_dCO-BoIAVH
041 0 _aspa
044 _ack
082 0 4 _a578.7538
_bP89e
245 0 3 _aEl páramo ecosistema a proteger
_ceditor Fundación Ecosistemas Andinos
250 _aPrimera edición
260 _aBogotá :
_bFundación Ecosistemas Andinos,
_cc1996.
300 _a233 páginas :
_bilustraciones y fotografías a color ;
_c28 x 21 cm.
490 0 _aSerie montañas tropiandinas ;
_vvolumen 2
504 _aIncluye referencias bibliográficas:
505 _aContenido: El hombre y el continum del paramo / Carlos Castano Uribe. -- Problematica ambiental del paramo andino / Joaquin Molano Barreto. -- Impacto del fuego y pastoreo sobre el medio ambiente paramo / Orlando Vargas Rios. -- Clima de alta montana en Colombia / Mauricio Aguilar P., J. Orlando Rangel Ch. -- Atlas palinologico de la clase magnoliopsida en el paramo de Monserrate / Raul G. Bogota, Sonia J. Lamprea Q., J. Orlando Rangel Ch. -- Estrategias de Corpochivor para la administración de los paramos / Luis Alberto Cendales Arias...[et al.]. -- Economía, política y alta montana / Juan Pablo Ruiz Soto
650 1 6 _aPáramos
650 2 4 _aEcología de páramos
700 1 _aReyes Zambrano, Pedro
_eeditor
700 1 _aMolano Barreto, Joaquin
_eautor
700 1 _aCendales Arias, Luis Alberto
_eautor
700 1 _aVargas Ríos, Jesús Orlando
_eautor
700 1 _aCastaño Uribe, Carlos.
_eautor
710 2 _aFundación Ecosistemas Andinos. ECOAN
942 _2ddc
_cLIBRO
_01
999 _c81
_d81